LEADER 02342nam0 2200469 i 450 001 RAV0260226 005 20251003044328.0 010 $a8815051228 020 $aIT$b96-1428 100 $a19960621d1995 ||||0itac50 ba 101 | $aita 102 $ait 181 1$6z01$ai $bxxxe 182 1$6z01$an 183 1$6z01$anc$2RDAcarrier 200 1 $aˆLa ‰rivoluzione industriale$fPat Hudson 210 $aBologna$cIl mulino$d\1995! 215 $a423 p.$d22 cm 225 | $aˆLe ‰vie della civiltà 300 $aEd. italiana a cura di Carlo Bardini 300 $aTrad. di Giovanni Arganese. 410 0$1001CFI0025045$12001 $aˆLe ‰vie della civiltà 500 10$aˆThe ‰industrial revolution.$3LO10383842$9MILV006123$914525 606 $aRivoluzione industriale$xGran Bretagna$2FIR$3CFIC041521$9E 676 $a330.94$9SITUAZIONI E CONDIZIONI ECONOMICHE. EUROPA$v23 676 $a330.94107$9SITUAZIONI E CONDIZIONI ECONOMICHE. ISOLE BRITANNICHE. 1714-1837$v23 676 $a330.941073$9SITUAZIONE E CONDIZIONI ECONOMICHE. GRAN BRETAGNA. 1760-1820$v21 676 $a338.0941$9PRODUZIONE. ISOLE BRITANICHE$v20 676 $a338.0941$9$v21 676 $a338.0941$9PRODUZIONE. Isole Britanniche$v23 676 $a338.0942$9$v12 700 1$aHudson$b, Pat$3MILV006123$4070$0136785 801 3$aIT$bIT-000000$c19960621 850 $aIT-BN0095 $aIT-NA0079 $aIT-NA0452 901 $bNAP BN$cMAGAZZINO $nmagazzini correnti divisi per anni 901 $bNAP IS$cISEM $nSezione di storia economica dell'ex Istituto di storia economica del Mezzogiorno 901 $bNAP 01$cPOZZO LIB.$nVi sono collocati fondi di economia, periodici di ingegneria e scienze, periodici di economia e statistica e altri fondi comprendenti documenti di economia pervenuti in dono. 912 $aRAV0260226 950 0$aBiblioteca Centralizzata di Ateneo$c1 v.$d 01POZZO LIB.ECON MON 6979$e 0101 0700197255E VMA 1 v. (Precedente collocazione 19 EC 725)$fB $h20220727$i20220727$c1 v.$d 01POZZO LIB.ECON MON 6979$e 0101 0700264685E VMA (bis 1 v. (2. copia; Precedente collocazione 26 EC 468)$fB $h20220801$i20220801 977 $a 01$a BN$a IS 996 $aIndustrial revolution$914525 997 $aUNISANNIO